| 000 | 00640nas a2200229 4500 | ||
|---|---|---|---|
| 001 | BR8902543 | ||
| 003 | BR-BrBNA | ||
| 005 | 20231205091543.0 | ||
| 007 | ta | ||
| 008 | 230509b bl.|||p| |||| 00| 00por d | ||
| 040 |
_aBR-BrBNA _bpor _cBiblioteca Nacional de Agricultura |
||
| 041 | _a(Pt) | ||
| 072 | _aC20 | ||
| 100 | 1 | _aPeres, E. | |
| 245 | 1 | _aO vidio no campo | |
| 650 | _aTELEVISAO | ||
| 650 | _aCOMUNICACAO | ||
| 650 | _aEXTENSAO RURAL | ||
| 773 | 0 |
_tRevista Brasileira de Extensao Rural (Brazil) _xISSN 0100-8250 _g(Aug 1988), v. 9(4) p. 30-31 _wBR8902543 |
|
| 909 |
_a202311 _bLúcia _c55 _dLúcia Elande |
||
| 942 |
_2AGRIS _n0 _cANA |
||
| 999 |
_c125828 _d125828 |
||